Catàleg del Col·legi de Periodistes de Catalunya

Civil society and social movements in the Euro-Mediterranean region (Registre núm. 7598)

000 -CABECERA
Longitud fija campo de control 01174nam a2200313 i 4500
001 - NÚMERO DE CONTROL
Número de control 991059289113606706
003 - IDENTIFICADOR DEL NÚMERO DE CONTROL
Identificador del número de control OSt
005 - FECHA Y HORA DE LA ÚLTIMA TRANSACCIÓN
Fecha y hora de la última transacción 20211223123828.0
008 - CÓDIGOS DE INFORMACIÓN DE LONGITUD FIJA
Códigos de información de longitud fija 210907s spcd||| |||| 0|0 0 eng|
015 ## - NÚMERO DE BIBLIOGRAFÍA NACIONAL
Número de bibliografía nacional LL2021
Fuente bnc
017 ## - NÚMERO DE COPYRIGHT O DE DEPÓSITO LEGAL
Número de copyright o de depósito legal DL B 4632-2020
Agencia que asigna el número Biblioteca de Catalunya
020 ## - NÚMERO INTERNACIONAL NORMALIZADO PARA LIBROS
Número Internacional Normalizado para Libros (ISBN) 9788418199004
040 ## - FUENTE DE LA CATALOGACIÓN
Centro catalogador de origen ES-BaBC
Lengua de catalogación cat
Normas de descripción rda
Centro transcriptor CDMR
043 ## - CÓDIGO DE ÁREA GEOGRÁFICA
Código de área geográfica e------
-- mm-----
080 ## - NÚMERO DE LA CLASIFICACIÓN DECIMAL UNIVERSAL
Número de la Clasificación Decimal Universal 323.1
Subdivisión auxiliar común (4-13+6-17)
-- (049.5)
Identificador de la edición 2004
080 ## - NÚMERO DE LA CLASIFICACIÓN DECIMAL UNIVERSAL
Número de la Clasificación Decimal Universal 323.2
Subdivisión auxiliar común (4-13+6-17)
-- (049.5)
Identificador de la edición 2004
245 00 - MENCIÓN DE TÍTULO
Título Civil society and social movements in the Euro-Mediterranean region
264 #1 - PRODUCCIÓN, PUBLICACIÓN , DISTRIBUCIÓN, FABRICACIÓN Y COPYRIGHT
Lugar de producción, publicación, distribución, fabricación Barcelona :
Nombre del productor, editor, distribuidor, fabricante IEMed ,
Fecha de de producción, publicación, distribución, fabricación o copyright [2020]
300 ## - DESCRIPCIÓN FÍSICA
Extensión 136 pàgines :
Otras características físicas gràfics ;
Dimensiones 27 cm
490 1# - MENCIÓN DE SERIE
Mención de serie Euromed survey of experts and actors ;
Designación de volumen o secuencia 10
650 #7 - PUNTO DE ACCESO ADICIONAL DE MATERIA - TÉRMINO DE MATERIA
Término de materia o nombre geográfico como elemento inicial Societat civil
Subdivisión geográfica Mediterrània, Regió
Subdivisión de materia general Enquestes.
Fuente del encabezamiento o término lemac
650 #7 - PUNTO DE ACCESO ADICIONAL DE MATERIA - TÉRMINO DE MATERIA
Término de materia o nombre geográfico como elemento inicial Moviments socials
Subdivisión geográfica Mediterrània, Regió
Subdivisión de materia general Enquestes.
Fuente del encabezamiento o término lemac
710 2# - PUNTO DE ACCESO ADICIONAL - NOMBRE DE ENTIDAD
Nombre de entidad o nombre de jurisdicción como elemento inicial Institut Europeu de la Mediterrània,
830 #0 - PUNTO DE ACCESO ADICIONAL DE SERIE - TÍTULO UNIFORME
Título uniforme Euromed survey of experts and actors ;
Designación de volumen o secuencia 10
856 ## - LOCALIZACIÓN Y ACCESO ELECTRÓNICO
Identificador Uniforme del Recurso (URI) <a href="https://www.iemed.org/euromed-survey/civil-society-and-social-movements-in-the-euro-mediterranean-region/">https://www.iemed.org/euromed-survey/civil-society-and-social-movements-in-the-euro-mediterranean-region/</a>
Nota pública Accés lliure
908 ## - CONTROL DE PAR&Aacute;METROS (RLIN)
Parametro de comando lanzado BC
940 ## -
T&íacute;tulo uniforme <a href="BC">BC</a>
942 ## - ENTRADA DE ELEMENTOS AGREGADOS (KOHA)
Fuente de clasificaión o esquema
Koha [por defecto] tipo de item Llibres electrònics
Fons
Suprimido Perdido Estropeado No para pr&eacute;stamo Localizaci&oacute;n permanente Localizaci&oacute;n actual Fecha adquisici&oacute;n Fuente de adquisici&oacute;n Pr&eacute;stamos totales Signatura completa C&oacute;digo de barras Fecha &uacute;ltima consulta Fecha del precio de reemplazo Tipo de item de Koha
        Centre de Documentació Montserrat Roig Centre de Documentació Montserrat Roig 2021-12-23 Donació   Bf /3 CDMR21120128 2021-12-23 2021-12-23 Monografies

Implantat amb Koha